|
|
|
|
| LEADER |
00701cam a2200241 7i4500 |
| 001 |
0000033884 |
| 005 |
20170509090000.0 |
| 007 |
##ta |
| 008 |
170509 |
| 020 |
# |
# |
|a 9786167434421
|
| 040 |
# |
# |
|a MATR
|
| 090 |
0 |
0 |
|a THAI 338.4029593
|b FAC
|
| 245 |
0 |
0 |
|a FACTORY DIRECTORY IN THAILAND 2016/2017.
|
| 250 |
0 |
0 |
|a 12th Edition.
|
| 264 |
# |
1 |
|a Bangkok, Thailand:
|b Comm Bangkok,
|c 2016.
|
| 300 |
# |
# |
|a 740 pages;
|c 30 cm.
|
| 336 |
# |
# |
|a text
|2 rdacontent
|
| 337 |
# |
# |
|a unmediated
|2 rdamedia
|
| 338 |
# |
# |
|a volume
|2 rdacarrier
|
| 504 |
# |
# |
|a Includes index
|
| 650 |
# |
0 |
|a Factories --
|z Thailand
|
| 650 |
# |
0 |
|a Manufacturing industries --
|z Thailand
|
| 999 |
|
|
|a B000038324
|b Directories
|c Countries
|e Business Information Centre
|